Library Banner

khutbat biyad-e-Iqbal = خطبات بیاد اقبال / (Record no. 100033)

MARC details
000 -LEADER
fixed length control field 00460nam a22001337a 4500
005 - DATE AND TIME OF LATEST TRANSACTION
control field 20171115094804.0
008 - FIXED-LENGTH DATA ELEMENTS--GENERAL INFORMATION
fixed length control field 171115b xxu||||| |||| 00| 0 eng d
040 ## - CATALOGING SOURCE
Transcribing agency PK-LaUMT
082 ## - DEWEY DECIMAL CLASSIFICATION NUMBER
Classification number 297.4
Item number KHU-
245 ## - TITLE STATEMENT
Title khutbat biyad-e-Iqbal = خطبات بیاد اقبال /
Statement of responsibility, etc compiled by Shobah Falsafah, Jamea Punjab = مرتبہ شعبہ فلسفہ جامعہ پنجاب
260 ## - PUBLICATION, DISTRIBUTION, ETC. (IMPRINT)
Place of publication, distribution, etc Lahore :
Name of publisher, distributor, etc Punjab University,
Date of publication, distribution, etc 1982
300 ## - PHYSICAL DESCRIPTION
Extent 183+36 p.
942 ## - ADDED ENTRY ELEMENTS (KOHA)
Koha item type Books
Holdings
Withdrawn status Lost status Damaged status Home library Current library Date acquired Full call number Barcode Date last seen Price effective from Koha item type
      UMT Main Campus UMT Main Campus 2017-11-15 297.4 KHU- 110201 2022-01-13 2017-11-15 Books